Retrouve le job de ce personnage de fiction - Statistiques

Statistiques générales
  • Ce quiz a été pris 54 fois
  • Le résultat moyen est 20 sur 60
Statistiques - réponses
Personnage de fiction Son job % Correct
Albus Dumbledore, Harry Potter Directeur
89%
Sanji, One Piece Cuisinier
85%
Judy Hopps, Zootopie Policier
81%
Mario, Mario Plombier
77%
Rocky, Rocky Boxeur
72%
Meredith Grey, Grey's Anatomy Médecin
72%
Clark Kent, Smallville Journaliste
70%
Willy Wonka,Wonka Chocolatier
68%
Popeye, Popeye Marin
66%
Sherlock Holmes, Sherlock Détective
64%
Agent 47, Hitman Tueur à gages
53%
Docteur Dolittle, Docteur Dolittle Vétérinaire
53%
Joelle, Pokémon Infirmière
49%
Mary Poppins, Mary Poppins Gouvernante
47%
Marshall Eriksen, How I Met Your Mother Juge
47%
Daniel Atlas, Insaisissables Magicien
47%
Peter Parker, Spieder-Man Photographe
47%
Geppetto, Pinocchio Sculpteur sur bois
47%
Pete Mitchell, Top Gun Pilote
45%
Indiana Jones, Indiana Jones Archéologue
43%
Olimar, Pikmin Spationaute
43%
Shinra, Fire Force Pompier
38%
Bobba Fett, Star Wars Chasseur de primes
36%
Bill Murray, SOS Fantômes Chasseur de fantômes
34%
Adèle Blanc-Sec, Les Aventures extraordinaires d'Adèle Blanc-Sec Ecrivain
32%
Cétautomatix, Astérix Forgeron
32%
Spirou, Le Journal de Spirou Groom
32%
Catherine Tramell, Basic Instinct Psychologue
32%
Edna Mode, Les Indestructibles Styliste
32%
Jack Dawson, Titanic Dessinateur
30%
Charles Ingalls, La Petite Maison dans la Prairie Fermier
30%
All Might, My Hero Academia Super-héros
30%
Anton Ego, Ratatouille Critique gastronomique
28%
Terry, The Legend of Zelda Marchand ambulant
28%
Brad Bellick, Prison Break Gardien de prison
26%
Camille Saroyan, Bones Médecin légiste
26%
Annalise Keating, (How to Get Away with) Murder Avocate
21%
Stu, Very Bad Trip Dentiste
21%
Beth Harmon, Le Jeu de la Dame Joueuse d'échecs
21%
Jaskier, The Witcher Barde
19%
Sebastian, Black Butler Majordome
19%
Korben Dallas, Le Cinquième Element Chauffeur de taxi
17%
Ross Geller, Friends Paléontologue
17%
Carl Manfred, Detroit Become Human Peintre
17%
Amélie Poulain, Le Fabuleux Destin d'Amélie Poulain Serveuse
17%
Viviane, Dr.Stone Chanteuse
15%
Roger Radcliffe, Les 101 Dalmatiens Compositeur
15%
Phil Dunphy, Modern Family Agent immobilier
13%
Personnage principal dans Le Dictateur Barbier
13%
Linda Gunderson, Rio Libraire
13%
Emily Prentiss, Esprits Criminels Agente du FBI
11%
Chik, L'Ecume des jours Ingénieur
11%
Ian Malcolm, Jurassic Park Mathématicien
9%
Fry, Futurama Livreur de pizzas
4%
Satoru Fujinuma, Erased Mangaka
4%
Walter White, Breaking Bad Professeur de physique-chimie
4%
Ned Land, Vingt Mille Lieues sous les mers Harponneur
2%
Deckard, Blade Runner Chasseur de réplicant
0%
Kristoff, La Reine des Neiges Coupeur de glace
0%
Sully, Monstres et Cie Effrayeur
0%
Aucun quiz correspondant
Distribution des résultats
% des personnes avec chaque résultat
Percentile par nombre de réponses
Votre historique - résultats
Vous n’avez pas pris ce quiz